000 00351nam a2200145Ia 4500
008 221007s9999 xx 000 0 und d
041 _aeng
082 _bTAN
100 _aTanwar K (2k71110)
_9102234
245 _aStudy of Competency Mapping
260 _c2009
_bPune University
_aPune
300 _a72p
520 _aPantawane N
906 _bGeneral
999 _c69395
_d69395